Javier Pérez de Cuéllar: homenaje 80 años

Saved in:
Bibliographic Details
Format: Book
Language:Spanish
Published: Lima Universidad de Lima 2000
Subjects:
Tags: Add Tag
No Tags, Be the first to tag this record!

MARC

LEADER 00000nam a2200000 a 4500
001 UCM8966
003 CL-VaPUC
008 030404e20000000PE |||||||||||||||||spa|d
082 0 4 |a 320.092  |b JAV  |2 21 
245 1 0 |a Javier Pérez de Cuéllar: homenaje 80 años 
300 |a 285 p 
942 |c BK 
945 |d 20030404 00:00:00  |a cmena 
260 |a Lima  |b Universidad de Lima  |c 2000 
600 0 7 |a PEREZ DE CUELLAR, JAVIER  |2 CL-VaPUC  |9 474938 
600 0 7 |a NACIONES UNIDAS  |2 CL-VaPUC  |9 255446 
650 0 |a Políticos   |9 256302 
651 0 |a Perú  |9 256567 
583 |a last modification  |c 20030404 00:00:00  |k Rodrigo Vera 
999 |c 303375  |d 303373 
952 |0 0  |1 0  |4 0  |6 320_092000000000000_JAV_2000  |7 0  |8 A  |9 364635  |a BIBDER  |b BIBDER  |d 2019-11-21  |i 385860K  |o 320.092 JAV 2000  |p 385860K  |r 2023-01-25  |w 2019-11-21  |y BK  |k DER